Obras completas / (Record no. 114807)

MARC details
000 -LEADER
campo de control de longitud fija 00825nam a2200181 i 4500
001 - NÚMERO DE CONTROL
campo de control 114807
003 - IDENTIFICADOR DE NÚMERO DE CONTROL
campo de control ES-MaACL
005 - FECHA Y HORA DE LA ÚLTIMA TRANSACCIÓN
campo de control 20230906190245.0
007 - CAMPO FIJO DE DESCRIPCIÓN FÍSICA--INFORMACIÓN GENERAL
campo de control de longitud fija t|
008 - DATOS DE LONGITUD FIJA--INFORMACIÓN GENERAL
campo de control de longitud fija 070329s1948 sp ||||1| spa d
100 1# - ENTRADA PRINCIPAL--NOMBRE DE PERSONA
Nombre de persona Larreta, Enrique.
9 (RLIN) 70347
245 10 - MENCIÓN DEL TÍTULO
Título Obras completas /
Mención de responsabilidad, etc. Enrique Larreta.
250 ## - MENCION DE EDICION
Mención de edición 1ª ed.
260 ## - PUBLICACIÓN, DISTRIBUCIÓN, ETC.
Lugar de publicación, distribución, etc. Madrid :
Nombre del editor, distribuidor, etc. Plenitud,
Fecha de publicación, distribución, etc. [1948]
300 ## - DESCRIPCIÓN FÍSICA
Extensión 1192 p. :
Otras características físicas retr. ;
Dimensiones 20 cm.
505 8# - NOTA DE CONTENIDO CON FORMATO
Nota de contenido con formato Contiene: La gloria de Don Ramiro - Santa María del Buen Aire - Tiempos iluminados - Zogoibi - El Linyera - Pasión de Roma - La calle de la vida y de la muerte. Sonetos - Lo que buscaba Don Juan - Artemis. Selección de discursos y conferencias - Tenía que suceder - Las dos fundaciones de Buenos Aires - Jerónimo y su almohada - Notas diversas - La naranja.
852 ## - LOCALIZACIÓN
Ubicación ES-MaACL
Número de control de estantería C-5606
Sublocalización o colección R.26057
Holdings
Estatus retirado Estado de pérdida Estado de daño No para préstamo Biblioteca de origen Biblioteca actual Ubicación en estantería Fecha de adquisición Fuente de adquisición Total de préstamos Signatura topográfica completa Código de barras Visto por última vez Precio de reemplazo Tipo de ítem Koha
        Biblioteca del Ateneo de Madrid Biblioteca del Ateneo de Madrid Sala Palomar 17/01/2008     C-5606 1119722 23/02/2023 23/02/2023 Libro impreso